LDR 00755naa#a2200157#i#450# 001 RU\\bibl\123043 005 20260513024541.3 011 ## _a2782-1927 100 ## _a20260330b2026####ek#y0rusy0150####ca 102 ## _aRU 200 1# _aНалоговая безопасность в системе экономической безопасности Республики Таджикистан: теория, методология и практика _eЖурнальная статья 210 1# _aЯрославль _cЯрославский государственный технический университет _d2026 215 ## _a7 с. 608 ## _aЖурнальная статья _2local 700 #1 _aАлизода _gОлимжон Махмуд 856 4# _ajraic.com _u